Marxism, Communism, and Western society; (Record no. 1255)

MARC details
000 -LEADER
fixed length control field 01071cam a2200253 4500
001 - CONTROL NUMBER
control field 397651
003 - CONTROL NUMBER IDENTIFIER
control field OSt
005 - DATE AND TIME OF LATEST TRANSACTION
control field 20230619114249.0
008 - FIXED-LENGTH DATA ELEMENTS--GENERAL INFORMATION
fixed length control field 721102m19729999nyua be 000 0 eng
010 ## - LIBRARY OF CONGRESS CONTROL NUMBER
LC control number 79176368
040 ## - CATALOGING SOURCE
Original cataloging agency DLC
Transcribing agency DLC
Modifying agency DLC
050 00 - LIBRARY OF CONGRESS CALL NUMBER
Classification number AE5
Item number .M27
082 00 - DEWEY DECIMAL CLASSIFICATION NUMBER
Classification number 300/.3
Edition number KER
245 00 - TITLE STATEMENT
Title Marxism, Communism, and Western society;
Remainder of title a comparative encyclopedia.
Statement of responsibility, etc. Edited by C. D. Kernig.
260 ## - PUBLICATION, DISTRIBUTION, ETC. (IMPRINT)
Place of publication, distribution, etc. [New York]
Name of publisher, distributor, etc. Herder and Herder
Date of publication, distribution, etc. [1972-73]
300 ## - PHYSICAL DESCRIPTION
Extent 8 v.
Other physical details illus.
Dimensions 27 cm.
504 ## - BIBLIOGRAPHY, ETC. NOTE
Bibliography, etc Includes bibliographies.
505 0# - FORMATTED CONTENTS NOTE
Formatted contents note v. 1. Absolutism--Civil war.--v. 2. Class, class struggle.--Disproportions.--v. 3. Distribution--Foreign policy.--v. 4. Foreign trade law--Judicial system.--v. 5. Kautsky--Munich agreement.--v. 6. National accounting--Primitive society.--v. 7. Principle--Socialist patriotism.--v. 8. Socialist realism--Zionism.
650 #0 - SUBJECT ADDED ENTRY--TOPICAL TERM
Topical term or geographic name as entry element Encyclopedias and dictionaries.
650 #0 - SUBJECT ADDED ENTRY--TOPICAL TERM
Topical term or geographic name as entry element Communism
General subdivision Encyclopedias.
700 1# - ADDED ENTRY--PERSONAL NAME
Personal name Kernig, Claus Dieter,
Relator term ed.
906 ## - LOCAL DATA ELEMENT F, LDF (RLIN)
a 7
b cbc
c orignew
d 2
e ncip
f 19
g y-gencatlg
942 ## - ADDED ENTRY ELEMENTS (KOHA)
Source of classification or shelving scheme Dewey Decimal Classification
Koha item type Books
Holdings
Withdrawn status Lost status Source of classification or shelving scheme Damaged status Not for loan Home library Current library Date acquired Total Checkouts Full call number Barcode Date last seen Price effective from Koha item type
    Dewey Decimal Classification     County Hall Archives County Hall Archives 06/19/2023   300/.3 10003140 06/19/2023 06/19/2023 Books
    Dewey Decimal Classification     County Hall Archives County Hall Archives 06/19/2023   300/.3 10003002 06/19/2023 06/19/2023 Books
    Dewey Decimal Classification     County Hall Archives County Hall Archives 06/19/2023   300/.3 10003001 06/19/2023 06/19/2023 Books
    Dewey Decimal Classification     County Hall Archives County Hall Archives 06/19/2023   300/.3 10003139 06/19/2023 06/19/2023 Books
LIBRARY OPENING HOURS

When the Parliament is sitting: 8.00a.m - 7.00p.m or until the house adjourns
Mondays and Fridays and when the House is on Recess:  8.00a.m - 5.00p.m
Closed on Weekends and Public Holidays

Online Public Access Catalog (OPAC)
Website: http://www.parliament.go.ke
Bunge Library: https://libraryir.parliament.go.ke
Contact: library@parliament.go.ke | Tel no: (254-2)2221291 or 2848000 Ext 5043